000 00390nam a2200157 i 4500
001 bgj
100 1 _aWALLACE, Irving
_d(1916- )
245 1 0 _aThe Pigeon Project /
_cIrving Wallace.
260 _aEaling :
_bCorgi Books,
_c1980.
300 _a351 pp ;
_c18 cm.
650 9 _aEnglish fiction
040 _cBPK
041 0 _aeng
942 _cKS
008 s uk f |000 0 eng
999 _c48355
_d48355
856 _uhttp://koha.tu.koszalin.pl/cgi-bin/koha/opac-detail.pl?biblionumber=48355
_yKatalog online BPK